MARC

LEADER 00000nas a2200000 a 4500
001 ssj0014163
003 WaSeSS
005 20200512172242.0
006 m d
007 cr n
008 050614c19719999cl fr p s 0 0spa c
010 |a  2012236708 
022 |y 0716-0798 
035 |a (WaSeSS)ssj0014163 
040 |a OCLCS  |b eng  |e pn  |c OCLCS  |d TXJ  |d IXA  |d TXU  |d Z5A  |d OCLCQ  |d CO3  |d OCLCQ  |d OCLCE  |d NOC  |d OCLCQ  |d OCLCO  |d OCLCQ  |d TXA  |d OCLCF  |d OCLCO  |d OCLCQ  |d IXA  |d WaSeSS 
042 |a pcc  |a dlr 
043 |a cl-----  |a s-cl--- 
130 0 |a Taller de letras (Santiago, Chile) 
245 1 0 |a Taller de letras  |h [electronic resource]. 
246 1 |a TL 
260 |a Santiago de Chile :  |b Departamento de Literatura de la Facultad de Letras de Pontificia Universidad Católica de Chile 
310 |a Semiannual 
362 1 |a Print began with No. 1 (1971). 
506 |a License restrictions may limit access. 
515 |a Issues are also designated Edición no. 
538 |a Master and use copy. Digital master created according to Benchmark for Faithful Digital Reproductions of Monographs and Serials, Version 1. Digital Library Federation, December 2002.  |u http://purl.oclc.org/DLF/benchrepro0212  |5 MiAaHDL 
546 |a In Spanish; abstracts in English and Spanish. 
583 1 |a digitized  |c 2010  |h HathiTrust Digital Library  |l committed to preserve  |5 MiAaHDL  |2 pda 
588 |a Description based on: No. 53 (2. semestre 2013); title from PDF cover (publisher's website, viewed Jan. 29, 2018). 
588 |a Latest issue consulted: No. 61 (2. semestre2017) (viewed Jan. 29, 2018). 
650 0 |a Spanish American literature  |x History and criticism  |v Periodicals. 
650 0 |a Chilean literature  |x History and criticism  |v Periodicals. 
650 7 |a Chilean literature.  |2 fast  |0 (OCoLC)fst00856981 
650 7 |a Spanish American literature.  |2 fast  |0 (OCoLC)fst01128195 
650 7 |a LITERATURA LATINOAMERICANA  |v PUBLICACIONES PERIODICAS.  |2 renib 
655 0 |a Electronic journals. 
710 2 |a Universidad Católica de Chile.  |b Departamento de Literatura. 
776 0 8 |i Print version:  |t Taller de letras  |x 0716-0798  |w (DLC) 73646225  |w (OCoLC)1779299 
856 4 0 |z Full text available from PRISMA Database with HAPI Index: 11/01/1997 to 01/31/2016  |u https://search.proquest.com/publication/13824